00293nam a2200121Ia 4500008004100000082001500041100002200056245002700078250000900105260004100114300000800155650000800163191201s2008 xx 000 0 und d a006.7bBED aBERRY, Michael JA 0aData Mining Techniques aRep. aN.DelhibWiley Dreautech Indiac2008 a643 aMBA